Què ès l'FPE
Descripción Física:
80 f. : il. ; 30 cm
Colección:
Qüestions puntuals ; 3
Materias:
Formació professional
MARC
| LEADER | 00000nam a2200000Ia 4500 | ||
|---|---|---|---|
| 001 | 10885 | ||
| 008 | 160829s9999 xx 000 0 cat d | ||
| 080 | |a E-1-16 | ||
| 245 | |a Què ès l'FPE | ||
| 260 | |a Barcelona : |b Diputació de Barcelona. Servei d'Ensenyament, maig de 1995 | ||
| 300 | |a 80 f. : |b il. ; |c 30 cm | ||
| 490 | |a Qüestions puntuals ; 3 | ||
| 650 | |a Formació professional |9 38621 | ||
| 710 | 1 | |a Barcelona (Catalunya : Província). |b Servei d'Ensenyament |9 54959 | |
| 901 | |a Arxiu | ||
| 942 | |n 1 | ||
| 952 | |0 0 |1 0 |4 0 |6 E116 |7 1 |9 41972 |a Arxiu |b Arxiu |d 2016-12-01 |l 0 |o E-1-16 |p 10885 |r 2016-12-01 00:00:00 |w 2016-12-01 |y ARXIU | ||
| 999 | |c 44419 |d 44419 | ||